000 00422nam a2200181Ia 4500
001 22942
005 20260414150904.0
008 260414t1975||||xx |||||||||||||| ||spa||
041 _aESP
082 _a624.171
_bC71
100 _aClough, Ray W.
_eAUT
245 0 _aDynamics of structures
_b
260 _c1975
300 _axxii, 634 páginas :
_c24 cm.
650 _a0
654 _aCIC
942 _cLIB
_dJUS
_fJUS
_2ddc
_n
999 _c22942
_d22942